Southville International School and Colleges
Your cart is empty.
  • Cart
  • Lists
    Public lists Eva Luna New books Lux_list list_1
    Your lists Log in to create your own lists
  • Log in to your account
  • Your cookies
  • Search history
Southville International School and Colleges
  • Advanced search
  • Recent comments
  • Most popular
  • Libraries

Log in to your account

Log in with GOOGLE


If you do not have an external account, but do have a local account, you can still log in:

  1. Home
  2. MARC view: Practical accounting 1 :
Normal view MARC view ISBD view

Practical accounting 1 : (Record no. 24507)

[ view plain ]
MARC details
000 -LEADER
fixed length control field 00580nam a2200205 a 4500
003 - CONTROL NUMBER IDENTIFIER
control field OSt
005 - DATE AND TIME OF LATEST TRANSACTION
control field 20140508095812.0
008 - FIXED-LENGTH DATA ELEMENTS--GENERAL INFORMATION
fixed length control field 110910s19uu xx 00 eng d
020 ## - INTERNATIONAL STANDARD BOOK NUMBER
International Standard Book Number 9710489879
050 ## - LIBRARY OF CONGRESS CALL NUMBER
Classification number HF 5661
Item number .Ub3 2010
100 ## - MAIN ENTRY--PERSONAL NAME
Personal name Uberita, Conrado O.
245 ## - TITLE STATEMENT
Title Practical accounting 1 :
Remainder of title CLA examination /
Statement of responsibility, etc Conrado O. Uberita.
250 ## - EDITION STATEMENT
Edition statement 2011 ed.
260 ## - PUBLICATION, DISTRIBUTION, ETC. (IMPRINT)
Place of publication, distribution, etc Manila :
Name of publisher, distributor, etc GIC Enterprises & Co., Inc,
Date of publication, distribution, etc c2010.
300 ## - PHYSICAL DESCRIPTION
Extent 826 p. :
Dimensions 23 cm.
521 ## - TARGET AUDIENCE NOTE
Target audience note
650 ## - SUBJECT ADDED ENTRY--TOPICAL TERM
Topical term or geographic name as entry element Accounting
General subdivision Examinations
-- Study guides
942 ## - ADDED ENTRY ELEMENTS (KOHA)
Koha item type Books
Source of classification or shelving scheme Library of Congress Classification
Call number prefix Filipininana
Holdings
Withdrawn status Lost status Source of classification or shelving scheme Damaged status Home library Current library Shelving location Date acquired Source of acquisition Total Checkouts Total Renewals Full call number Barcode Date last seen Date checked out Copy number Koha item type
    Library of Congress Classification   College Library College Library Filipiniana Section 09/10/2011 Library Fund 18 199 HF 5661 .Ub3 2010 C12577 04/04/2023 03/22/2023 1 Books

Practical accounting 1 :

APA

Uberita C. O., . (2010). Practical accounting 1. Manila: GIC Enterprises & Co., Inc.

Chicago

Uberita Conrado O, . 2010. Practical accounting 1. Manila: GIC Enterprises & Co., Inc.

Harvard

Uberita C. O., . (2010). Practical accounting 1. Manila: GIC Enterprises & Co., Inc.

MLA

Uberita Conrado O, . Practical accounting 1. Manila: GIC Enterprises & Co., Inc. 2010.

  • Place hold
  • Print
  • Cite
  • Add to your cart (remove)
  • Save record
    BIBTEX Dublin Core MARCXML MARC (non-Unicode/MARC-8) MARC (Unicode/UTF-8) MARC (Unicode/UTF-8, Standard) MODS (XML) RIS
  • More searches
    Search for this title in:
    Other Libraries (WorldCat) Other Databases (Google Scholar) Online Stores (Bookfinder.com) Open Library (openlibrary.org)

Exporting to Dublin Core...

SOUTHVILLE LIBRARY

Southville International School and Colleges Library

1281 Tropical Ave. Cor. Luxembourg St., BF Homes International, Las Pinas City

Tel. No. 8256374 / 252358 Loc. 117/146

Powered by Koha